000 00755cam a22002653a 4500
001 178
003 PGUSA
005 20140828082945.0
008 060315s2006||||xxu|||||s|||||000 1 eng d
040 _aPGUSA
_beng
042 _adc
050 4 _aPS
100 1 _aJames, Henry,
_d1843-1916
245 1 0 _aConfidence
_h[electronic resource] /
_cHenry James
260 _bProject Gutenberg,
_c2006
506 _aPublic domain in the USA.
516 _aElectronic text
653 _aMale friendship -- Fiction
653 _aMan-woman relationships -- Fiction
653 _aAmericans -- Europe -- Fiction
653 _aBritish -- Europe -- Fiction
830 0 _aProject Gutenberg
_v178
856 4 0 _uhttp://www.gutenberg.org/ebooks/178
942 _cEB
999 _c229549
_d229549